Music Quiz

Random Music or Song Quiz

American Idol by Original Song Quiz Stats

 Plays Quiz not verified by Sporcle

Challenge
Share
Tweet
Embed
Score 0/18 Timer 05:00
0 Plays Today
Song Idol % Correct
My Life Would Suck Without You; Miss Independent; Breakaway Kelly Clarkson
84.8%
Last Name; Before He Cheats; Some HeartsCarrie Underwood
84.8%
Live Like We're Dying; Can't Stay Away; Bring it BackKris Allen
81.8%
Invisible; Can't Take my Eyes off You; Measure of a ManClay Aiken
75.8%
Home; Septemnber; Life After YouChris Daughtry
75.8%
No Air; Tatoo; One Step at a TimeJordin Sparks
75.8%
Sorry For 2004; Flying Without Wings; Make Ya Feel BeautifulRuben Studdard
75.8%
Summertime; Free Yourself; Truth isFantasia Barrino
72.7%
If I Had You; Whataya Want From Me; Mad WorldAdam Lambert
72.7%
Song Idol % Correct
Do I Make You Proud; The Distance; What's Right is RightTaylor Hicks
69.7%
Crush; To Be With You; Don't Let GoDavid Archuleta
69.7%
Come Back to Me; Right Here, with You; I Did it For YouDavid Cook
63.6%
Over it; Unbroken; I Lost YouKatharine McPhee
63.6%
Best Days of Your Life; Red High Heels; Didn't Know How Much You Loved MeKellie Pickler
60.6%
Sweet Serendipity; Live it Up; Beautiful Like YouLee DeWyze
60.6%
Wait For You; Fight for Love; A Song for YouElliott Yamin
57.6%
Farmer's Daughter; For What it's Worth; Ridin With the RadioCrystal Bowersox
51.5%
8th World Wonder; Superwoman; Band of GoldKimberley Locke
48.5%

You're not logged in!

Compare scores with friends on all Sporcle quizzes.
OR
Log In

You Might Also Like...

Show Comments

Extras

Created Jun 1, 2011ReportNominate
Tags:Song Quiz, America, idol

Top Quizzes Today


Score Distribution

Your Account Isn't Verified!

In order to create a playlist on Sporcle, you need to verify the email address you used during registration. Go to your Sporcle Settings to finish the process.

Report this User

Report this user for behavior that violates our Community Guidelines.

Details: